| 000 | 01347nam a22004337a 4500 | ||
|---|---|---|---|
| 001 | 0024556 | ||
| 003 | KOHA_MİRAKIL | ||
| 005 | 20260207002442.0 | ||
| 007 | ta | ||
| 008 | 101112b2003 tu |||grd|||#0|||0|tur | | ||
| 020 |
_a9755915648 _c6,88 |
||
| 040 |
_aTR-BiSEU _btur _cTR-BiSEU _erda |
||
| 041 | 0 | _atur | |
| 044 | _ctu | ||
| 050 |
_aQE7 _b.G86 2003 |
||
| 100 | 1 | _aGüney, Emrullah. | |
| 245 | 1 |
_aYerbilim terimleri sözlüğü : _bmineraloji, petrografi, jeoloji, jeomorfoloji/ _cEmrullah Güney ; Emrullah Güney. |
|
| 264 | 1 |
_aAnkara : _bNobel Yayın Dağıtım _c2003 |
|
| 300 | _a228 sayfa: resimli | ||
| 336 |
_ametin _btxt _2rdacontent |
||
| 337 |
_aaracısız _bn _2rdamedia |
||
| 338 |
_acilt _bnc _2rdacarrier |
||
| 490 | 1 |
_aNobel yayın ; _vno. |
|
| 490 | 1 | _a584. | |
| 490 | 1 |
_aTeknik ve matematik yayınları dizi ; _vno. |
|
| 490 | 1 | _a77. | |
| 500 | _aKaynakça var. | ||
| 650 | 0 |
_aJeoloji--Sözlükler. _950015 |
|
| 650 | 0 |
_aPetroloji--Sözlükler. _950016 |
|
| 650 | 0 |
_aMineraloji--Sözlükler. _950017 |
|
| 650 | 0 |
_aTürk dili--Sözlükler. _929746 |
|
| 650 | 0 |
_aJeomorfoloji--Sözlükler. _950018 |
|
| 830 | 1 |
_aNobel yayın ; _vno. _91510 |
|
| 830 | 1 |
_a584. _941884 |
|
| 830 | 1 |
_aTeknik ve matematik yayınları dizi ; _vno. _950019 |
|
| 830 | 1 |
_a77. _910878 |
|
| 907 | _aSözlük | ||
| 942 |
_2lcc _cBK |
||
| 999 |
_c24507 _d24507 |
||